Mechanizmy pitanija avtomatičeskich stankov /

Gespeichert in:
Bibliographische Detailangaben
1. Verfasser: Kamyšnyj, N.I (Verfasst von)
Format: Buch
Sprache:Russisch
Veröffentlicht: Moskva : Mašgiz, 1951
Tags: Tag hinzufügen
Keine Tags, Fügen Sie das erste Tag hinzu!

MARC

LEADER 00000nam a22000003a 4500
001 stu37543
005 20150617225701.7
008 920714s1951----xxr-----------------rus-d
040 |a STU  |b slo 
041 0 |a rus 
044 |a xxr 
100 1 |a Kamyšnyj, N.I  |4 aut 
245 1 |a Mechanizmy pitanija avtomatičeskich stankov /  |c [aut.]N.I. Kamyšnyj 
260 |a Moskva :  |b Mašgiz,  |c 1951 
300 |a 96 s 
996 |b 284M020277  |c M*3538-1  |l MMKN  |s A  |a 24  |w stu37543_0001